000 00518nam a2200217Ia 4500
003 OSt
005 20221007082532.0
006 a|||||r|||| 00| 0
007 ta
008 221006b |||||||| |||| 00| 0 eng d
024 _a15,693
037 _cTextual
040 _aFLL
_cFLL
_beng
041 _2eng
_aeng
082 _aX61.2N8, M5
245 0 _aAspects of the black economy in India
260 _c1985
300 _a599p
_ccm.
942 _hX61.2N8, M5
_cTEXL
_2CC
999 _c1166764
_d1166764